000 00698nam a2200229 a 4500
999 _c3629
_d3629
001 3629
003 BD-JhCC
005 20171115182938.0
008 171115s1999 bena|||| ||a| 000 0 ben d
020 _a984 401 142 16
035 _a(BD-JhCC)3629
040 _aBD-JhCC
_dBD-JhCC
041 _aben
082 _a910.4
_bKHA 1999
100 _aখাতুন, রাবেয়া
245 _aটেমস থেকে নায়েগ্রা /
_cরাবেয়া খাতুন
260 _aঢাকা :
_bআগামী প্রকাশনী,
_c১৯৯৯.
300 _a95 p. :
_bIll. ;
_c21 cm.
650 _aTravel
_zLondon, Canada
942 _2ddc
_cBK